000 00467nam a2200121Ia 4500
008 220616s9999||||xx |||||||||||||| ||und||
100 _aScott, David
245 0 _aOn Learning
_bA general theory of objects and object-relations
546 _aEnglish[eng]
650 _aeducation||philosophy||concepts||ontology||objects||object-relations||critical realism||learning
856 _uhttps://library.oapen.org/bitstream/20.500.12657/51829/1/9781800080027.pdf
942 _cEB
999 _c20920
_d20920